La pareja romántica en México : desentrañando su naturaleza comunicativa y emocional /

Guardado en:
書目詳細資料
主要作者: Sánchez Aragón, Rozzana (autor)
格式: 圖書
語言:西班牙语
出版: México : UNAM, 2016, c2016
主題:
標簽: 添加標簽
沒有標簽, 成為第一個標記此記錄!

MARC

LEADER 00000nam^a2200000^a^4500
001 000408872
005 20250521000000.0
009 20260310122005.929
020 |a 978-607-02-7817-4 
037 |a Acervo ITESO - Biblioteca 
041 |a ESP 
082 |a 305. 30972  |b SAN 
100 |a Sánchez Aragón, Rozzana  |e (autor) 
245 1 3 |a La pareja romántica en México :  |b desentrañando su naturaleza comunicativa y emocional /  |c R. Sánchez Aragón ; pref. de Patricia Noller. 
264 4 |a México :  |b UNAM,  |c 2016, c2016 
300 |a 279 p. 
336 |a texto  |b txt  |2 rdacontenido 
337 |a sin mediación  |b n  |2 rdamedio 
338 |a volumen  |b nc  |2 rdasoporte 
521 |a FIL 2018 EEnlace Departamento de Formación Humana 
649 |a XX 
650 |a Amor -  |z México -  |x Aspectos Psicológicos -  |x Tema Principal 
650 |a Relaciones de Pareja -  |z México -  |x Aspectos Psicológicos -  |x Tema Principal 
650 |a Comunicación Personal -  |z México -  |x Aspectos Psicológicos -  |x Tema Principal 
650 |a Psicología 
910 |a Fondo General 
920 |a Impresos - Libros 
930 |a Colección General 
905 |a 101 
901 |a 0500317547  |b IT1  |c ACC  |i C162894  |u 20250521 
902 |a https://opac.biblio.iteso.mx/vufind/Record/000408872